4 to 13 letters quiz # B - Statistics

General Stats
  • This quiz has been taken 42 times
  • The average score is 8 of 10
Answer Stats
Hint Answer # of letters % Correct
Indonesia's most visited island Bali 4
92%
Capital and largest city of Argentina Buenos Aires 11
92%
Country that borders India and Myanmar Bangladesh 10
89%
Capital and largest city of Hungary Budapest 8
89%
West African country Benin 5
79%
British Overseas Territory in the Atlantic Ocean Bermuda 7
71%
Small country on the island of Borneo Brunei 6
68%
Largest city in the US state of Maryland Baltimore 9
66%
One of South Africa's national capitals Bloemfontein 12
63%
Gallery of historical and cultural artifacts located in central London (two words) British Museum 13
55%
No matching quizzes found
Score Distribution
Percent of People with Each Score
Percentile by Number Answered
Your Score History
You have not taken this quiz